000 00255nam a2200109Ia 4500
008 190216s9999||||xx |||||||||||||| ||und||
100 _aSatya Dev Narayanan
245 0 _aHindi-Bhahar
260 _bMac Millian And Com. Ltd
650 _aHindi
942 _cBK
999 _c15348
_d15348